[Event "NOR-chT Elite 2324"]
[Site "Norway"]
[Date "2023.10.28"]
[Round "2.22"]
[White "Urkedal, Frode Olav Olsen"]
[Black "Gullaksen, Eirik Tvedt"]
[Result "1-0"]
[WhiteElo "2519"]
[BlackElo "2323"]
[PlyCount "143"]
[EventDate "2023.10.27"]
[EventType "team-tourn"]
[EventRounds "9"]
[EventCountry "NOR"]
[SourceTitle "Mega2024 Update 01"]
[Source "Chessbase"]
[SourceDate "2023.11.12"]
[SourceVersion "1"]
[SourceVersionDate "2023.11.12"]
[SourceQuality "1"]
[WhiteTeam "Offerspill"]
[BlackTeam "Bergens"]
[WhiteTeamCountry "NOR"]
[BlackTeamCountry "NOR"]

1. d4 Nf6 2. c4 e6 3. Nc3 Bb4 4. Nf3 0-0 5. e3 d6 6. Bd2 Qe7 7. a3 Bxc3 8. Bxc3 Ne4 9. Qc2 Nxc3 10. Qxc3 Nd7 11. Be2 b6 12. 0-0 Bb7 13. b4 c5 14. bxc5 dxc5 15. a4 Rac8 16. Rfe1 Rc7 17. Rad1 cxd4 18. exd4 Rfc8 19. Bf1 Qf6 20. Re3 h6 21. Qb4 Qf4 22. a5 Ba6 23. Qa4 bxa5 24. g3 Qd6 25. c5 Qc6 26. Qxc6 Rxc6 27. d5 exd5 28. Bh3 R8c7 29. Bxd7 Rxd7 30. Ne5 Rcc7 31. Nxd7 Rxd7 32. Ra3 Bc4 33. Rxa5 Kf8 34. f4 a6 35. Kf2 Rb7 36. Re1 Rb2+ 37. Kg1 Bb5 38. Rd1 Bc4 39. c6 Rb8 40. Rc5 Ke7 41. c7 Rc8 42. Kf2 g6 43. Ke3 a5 44. Ra1 Kd6 45. Raxa5 Rxc7 46. Rxc7 Kxc7 47. Ra7+ Kd6 48. Kd4 Ke6 49. g4 Kf6 50. Rb7 Be2 51. Rb6+ Kg7 52. h3 Bf1 53. Rb3 Bc4 54. Re3 Kf6 55. h4 Ba2 56. Re5 Bb3 57. h5 gxh5 58. Rxh5 Kg7 59. Rh1 Bc4 60. Rh2 Bb3 61. Ke5 Bd1 62. Rh4 Bb3 63. f5 Bc4 64. Rh2 Bb3 65. Rd2 Bc4 66. Rb2 Bf1 67. f6+ Kh7 68. Rb7 Kg6 69. Rb8 d4 70. Rg8+ Kh7 71. Rg7+ Kh8 72. Kxd4 1-0

[Event "NOR-chT Club"]
[Site "Bergen"]
[Date "2023.05.21"]
[Round "6.3"]
[White "Gullaksen, Eirik Tvedt"]
[Black "Christiansen, Johan Sebastian"]
[Result "0-1"]
[WhiteElo "2339"]
[BlackElo "2589"]
[PlyCount "86"]
[EventDate "2023.05.18"]
[EventType "team-swiss"]
[EventRounds "6"]
[EventCountry "NOR"]
[SourceTitle "CBM 214 Extra"]
[Source "ChessBase"]
[SourceDate "2023.07.31"]
[SourceVersion "1"]
[SourceVersionDate "2023.07.31"]
[SourceQuality "1"]
[WhiteTeam "Bergens"]
[BlackTeam "Offerspill"]
[WhiteTeamCountry "NOR"]
[BlackTeamCountry "NOR"]

1. e4 e5 2. Nf3 Nc6 3. Bb5 a6 4. Ba4 d6 5. 0-0 Bd7 6. c3 Nge7 7. d4 Ng6 8. Re1 Be7 9. Nbd2 0-0 10. Nf1 exd4 11. cxd4 Bg4 12. Bxc6 bxc6 13. Ne3 Bd7 14. Bd2 Qb8 15. Qc2 Re8 16. b4 Bf6 17. a4 Qb7 18. Rac1 Qa7 19. d5 cxd5 20. Nxd5 Bd8 21. Be3 Qb7 22. Nd4 Ne5 23. Bd2 Rc8 24. f4 c6 25. Ne3 Bb6 26. Bc3 Ng6 27. Nc4 Bc7 28. Qf2 d5 29. f5 dxc4 30. fxg6 hxg6 31. Qh4 Bb6 32. Kh1 c5 33. bxc5 Rxc5 34. Rb1 Rh5 35. Qf4 Bxa4 36. Qd6 Bb5 37. Nxb5 axb5 38. e5 Bf2 39. Re2 Bg3 40. Qc5 Bxh2 41. Qxb5 Bxe5+ 42. Kg1 Bh2+ 43. Kf1 Rxb5 0-1

[Event "NOR-chT Elite 2223"]
[Site "Norway"]
[Date "2023.01.13"]
[Round "4.33"]
[White "Gullaksen, Eirik Tvedt"]
[Black "Abdrlauf, Elham"]
[Result "0-1"]
[WhiteElo "2347"]
[BlackElo "2518"]
[PlyCount "80"]
[EventDate "2022.11.11"]
[EventType "team-tourn"]
[EventRounds "9"]
[EventCountry "NOR"]
[SourceTitle "CBM 213 Extra"]
[Source "ChessBase"]
[SourceDate "2023.05.31"]
[SourceVersion "1"]
[SourceVersionDate "2023.05.31"]
[SourceQuality "1"]
[WhiteTeam "Bergens"]
[BlackTeam "OSS"]
[WhiteTeamCountry "NOR"]
[BlackTeamCountry "NOR"]

1. e4 c5 2. Nf3 Nc6 3. Bb5 g6 4. Bxc6 dxc6 5. d3 Bg7 6. h3 Nf6 7. Nc3 Nd7 8. Be3 e5 9. Qd2 h6 10. 0-0 b6 11. a3 a5 12. Ne2 Nf8 13. b4 Ne6 14. bxc5 bxc5 15. Rab1 f5 16. Qc3 Qd6 17. Rb6 0-0 18. Qc4 Kh7 19. c3 f4 20. Bd2 Nc7 21. Qa4 Ra6 22. Rxa6 Bxa6 23. Nc1 c4 24. Qxa5 cxd3 25. c4 c5 26. Qc3 Rd8 27. Rd1 Ne6 28. Nb3 Qc6 29. Re1 Qa4 30. Na5 Nd4 31. Nxd4 Rxd4 32. f3 Bxc4 33. Rc1 Bg8 34. Qxc5 Rd7 35. Kf2 Bf6 36. Nc4 Be7 37. Qc8 Qa7+ 38. Kf1 Rc7 39. Qe8 Rxc4 40. Rb1 Bh4 0-1

[Event "NOR-ch Rapid"]
[Site "Drammen"]
[Date "2023.01.07"]
[Round "1"]
[White "Holand, Per Fredrik"]
[Black "Gullaksen, Eirik Tvedt"]
[Result "0-1"]
[WhiteElo "2053"]
[BlackElo "2344"]
[PlyCount "80"]
[EventDate "2023.01.07"]
[EventType "swiss (rapid)"]
[EventRounds "10"]
[EventCountry "NOR"]
[SourceTitle "CBM 212 Extra"]
[Source "ChessBase"]
[SourceDate "2023.03.31"]
[SourceVersion "1"]
[SourceVersionDate "2023.03.31"]
[SourceQuality "1"]

1. Nf3 Nf6 2. c4 g6 3. b3 Bg7 4. Bb2 c5 5. e3 0-0 6. Be2 Nc6 7. 0-0 b6 8. d4 cxd4 9. Nxd4 Bb7 10. Bf3 Rc8 11. Nd2 Qc7 12. Qe2 a6 13. Rac1 Rfd8 14. Rfd1 Qb8 15. Nf1 e5 16. Nxc6 dxc6 17. c5 b5 18. Bg4 Nxg4 19. Qxg4 Rxd1 20. Rxd1 Rd8 21. b4 Qc7 22. h4 Bc8 23. Rxd8+ Qxd8 24. Qe4 Qc7 25. Ng3 Be6 26. a3 f5 27. Qc2 Kf7 28. Ne2 Qd8 29. g3 Qd5 30. Qc3 Qf3 31. Nf4 Bc4 32. Qd2 Ke8 33. Qd6 exf4 34. Qb8+ Kd7 35. Qb7+ Ke6 36. Qxg7 Qd1+ 37. Kh2 fxg3+ 38. fxg3 Qe2+ 39. Kh3 Qf1+ 40. Kh2 Qf2+ 0-1

[Event "NOR-chT Clubs"]
[Site "Drammen"]
[Date "2022.05.26"]
[Round "3"]
[White "Urkedal, Frode Olav Olsen"]
[Black "Gullaksen, Eirik Tvedt"]
[Result "1-0"]
[WhiteElo "2558"]
[BlackElo "2344"]
[PlyCount "57"]
[EventDate "2022.05.26"]
[EventType "team-swiss"]
[EventRounds "6"]
[EventCountry "NOR"]
[SourceTitle "EXT 2024"]
[Source "ChessBase"]
[SourceDate "2023.10.10"]
[SourceVersion "1"]
[SourceVersionDate "2023.10.10"]
[SourceQuality "1"]
[WhiteTeam "Offerspill Elite"]
[BlackTeam "Bergens"]
[WhiteTeamCountry "NOR"]
[BlackTeamCountry "NOR"]

1. d4 Nf6 2. c4 g6 3. Nc3 Bg7 4. e4 d6 5. Be2 0-0 6. Nf3 e5 7. 0-0 Na6 8. Be3 Ng4 9. Bg5 Qe8 10. Rc1 h6 11. Bh4 c6 12. Re1 Nf6 13. dxe5 dxe5 14. Qd6 Be6 15. Nxe5 Rd8 16. Qa3 Bc8 17. Bg3 Qe6 18. c5 Nh5 19. Bc4 Qf6 20. Nf3 Nxg3 21. hxg3 g5 22. e5 Qe7 23. b4 Rfe8 24. Ne4 g4 25. Nh4 Bxe5 26. Ng6 Qc7 27. Nxe5 Rxe5 28. Qc3 Kf8 29. Nd6 1-0

[Event "NOR-chT Elite 2122"]
[Site "Norway"]
[Date "2022.02.05"]
[Round "5.3"]
[White "Gullaksen, Eirik Tvedt"]
[Black "Holm, Kristian Stuvik"]
[Result "1/2-1/2"]
[WhiteElo "2345"]
[BlackElo "2471"]
[PlyCount "32"]
[EventDate "2021.10.28"]
[EventType "team-tourn"]
[EventRounds "9"]
[EventCountry "NOR"]
[SourceTitle "EXT 2023"]
[Source "ChessBase"]
[SourceDate "2022.10.05"]
[SourceVersion "1"]
[SourceVersionDate "2022.10.05"]
[SourceQuality "1"]
[WhiteTeam "Bergens"]
[BlackTeam "Valerenga"]
[WhiteTeamCountry "NOR"]
[BlackTeamCountry "NOR"]

1. e4 c5 2. Nf3 e6 3. d4 cxd4 4. Nxd4 Nc6 5. Nc3 Qc7 6. g3 a6 7. Bg2 d6 8. 0-0 Bd7 9. Re1 Be7 10. Nxc6 Bxc6 11. Ne2 e5 12. Nc3 Nf6 13. Bg5 0-0 14. Re2 Qb6 15. Rb1 Rfd8 16. Rd2 h6 1/2-1/2

[Event "NOR-chT Elite 2122"]
[Site "Norway"]
[Date "2022.02.04"]
[Round "4.3"]
[White "Gullaksen, Eirik Tvedt"]
[Black "Kvaloy, Aksel Bu"]
[Result "0-1"]
[WhiteElo "2345"]
[BlackElo "2280"]
[PlyCount "92"]
[EventDate "2021.10.28"]
[EventType "team-tourn"]
[EventRounds "9"]
[EventCountry "NOR"]
[SourceTitle "EXT 2023"]
[Source "ChessBase"]
[SourceDate "2022.10.05"]
[SourceVersion "1"]
[SourceVersionDate "2022.10.05"]
[SourceQuality "1"]
[WhiteTeam "Bergens"]
[BlackTeam "Stavanger"]
[WhiteTeamCountry "NOR"]
[BlackTeamCountry "NOR"]

1. e4 e5 2. Nf3 Nc6 3. Bb5 a6 4. Ba4 Nf6 5. 0-0 Be7 6. Re1 b5 7. Bb3 0-0 8. d4 Nxd4 9. Nxd4 exd4 10. e5 Ne8 11. c3 c5 12. cxd4 c4 13. Qf3 Nc7 14. Bc2 d5 15. Nc3 b4 16. Ne2 Ne6 17. Be3 f6 18. Qh5 g6 19. Bxg6 hxg6 20. Qxg6+ Ng7 21. Bh6 Rf7 22. e6 Bxe6 23. Ng3 Qd7 24. Nh5 Bf5 25. Qg3 Bd6 26. Bf4 Bf8 27. Re3 Re8 28. h3 Rxe3 29. Bxe3 c3 30. bxc3 bxc3 31. Bf4 c2 32. Kh2 Be4 33. f3 Bd3 34. Re1 Qf5 35. Nxg7 Rxg7 36. Qh4 Re7 37. Rxe7 Bxe7 38. Bc1 Bd6+ 39. f4 Kf7 40. Qf2 Qe4 41. g4 Bc4 42. a3 Qd3 43. Qg3 Qe2+ 44. Qg2 Qd1 45. Qg1 Qd3 46. Qg3 Qxd4 0-1

[Event "Titled Tuesday intern op 01st Sept"]
[Site "Chess.com INT"]
[Date "2020.09.01"]
[Round "3"]
[White "Erdogdu, Mert"]
[Black "Gullaksen, Eirik Tvedt"]
[Result "1-0"]
[WhiteElo "2396"]
[BlackElo "2344"]
[PlyCount "79"]
[EventDate "2020.09.01"]
[EventType "swiss (blitz)"]
[EventRounds "10"]
[EventCountry "USA"]
[SourceTitle "CBM 198 Extra"]
[Source "ChessBase"]
[SourceDate "2020.11.30"]
[SourceVersion "1"]
[SourceVersionDate "2020.11.30"]
[SourceQuality "1"]

1. e4 c5 2. Nf3 Nc6 3. d4 cxd4 4. Nxd4 Nf6 5. Nc3 e5 6. Ndb5 d6 7. Bg5 a6 8. Na3 b5 9. Nd5 Be7 10. Bxf6 Bxf6 11. c4 b4 12. Nc2 0-0 13. g3 Bg5 14. h4 Bh6 15. Bh3 Be6 16. Kf1 Rb8 17. b3 a5 18. Kg2 Qd7 19. Qd3 Kh8 20. Rad1 f5 21. exf5 Bxf5 22. Bxf5 Rxf5 23. Rhf1 g6 24. Nde3 Bxe3 25. Nxe3 Rf6 26. c5 Nd4 27. cxd6 Qxd6 28. Qe4 Rbf8 29. Nc4 Qc6 30. Qxc6 Nxc6 31. Rd5 a4 32. bxa4 Ra8 33. a5 Rf5 34. Rc5 Nd4 35. Rb1 Raf8 36. Rb2 Nf3 37. Nd6 Ne1+ 38. Kf1 Nd3 39. Nxf5 gxf5 40. Rbc2 1-0

[Event "Titled Tuesday intern op 01st Sept"]
[Site "Chess.com INT"]
[Date "2020.09.01"]
[Round "4"]
[White "Gullaksen, Eirik Tvedt"]
[Black "Matinian, Nikita"]
[Result "0-1"]
[WhiteElo "2344"]
[BlackElo "2475"]
[PlyCount "56"]
[EventDate "2020.09.01"]
[EventType "swiss (blitz)"]
[EventRounds "10"]
[EventCountry "USA"]
[SourceTitle "CBM 198 Extra"]
[Source "ChessBase"]
[SourceDate "2020.11.30"]
[SourceVersion "1"]
[SourceVersionDate "2020.11.30"]
[SourceQuality "1"]

1. e4 c5 2. Nf3 d6 3. Bb5+ Nd7 4. Ba4 e5 5. 0-0 Ngf6 6. Re1 g6 7. c3 Bg7 8. d4 0-0 9. dxc5 Nxc5 10. Bc2 d5 11. exd5 e4 12. Be3 exf3 13. Bxc5 fxg2 14. Bxf8 Bxf8 15. c4 Bd6 16. Nd2 Bh3 17. Qf3 Bg4 18. Qe3 Qc7 19. Nf3 h5 20. a3 Qxc4 21. Bb3 Qb5 22. Rac1 Re8 23. Qc3 Rxe1+ 24. Rxe1 Bh3 25. Bc4 Qb6 26. Nd4 Ng4 27. Re8+ Kh7 28. Qf3 Bxh2# 0-1

[Event "Titled Tuesday intern op 01st Sept"]
[Site "Chess.com INT"]
[Date "2020.09.01"]
[Round "5"]
[White "Idrisova, Roza"]
[Black "Gullaksen, Eirik Tvedt"]
[Result "1-0"]
[WhiteElo "1960"]
[BlackElo "2344"]
[PlyCount "63"]
[EventDate "2020.09.01"]
[EventType "swiss (blitz)"]
[EventRounds "10"]
[EventCountry "USA"]
[SourceTitle "CBM 198 Extra"]
[Source "ChessBase"]
[SourceDate "2020.11.30"]
[SourceVersion "1"]
[SourceVersionDate "2020.11.30"]
[SourceQuality "1"]

1. d4 Nf6 2. Nf3 g6 3. c4 Bg7 4. Nc3 0-0 5. e4 d6 6. Be2 Na6 7. 0-0 e5 8. h3 Qe8 9. d5 Nh5 10. Re1 Nf4 11. Bf1 Qd8 12. Kh2 Bd7 13. g3 Nh5 14. Bd2 Kh8 15. a3 Nf6 16. b4 Ng8 17. c5 dxc5 18. Bxa6 bxa6 19. bxc5 f5 20. c6 Bc8 21. Qe2 Qf6 22. Bg5 Qf7 23. Kg2 h6 24. Bd2 fxe4 25. Qxe4 Qxf3+ 26. Qxf3 Bxh3+ 27. Kxh3 Rxf3 28. Be3 e4 29. Rac1 Bxc3 30. Rxc3 Ne7 31. Bd4+ Kg8 32. Rxf3 1-0

[Event "Online Olym Div Top-B"]
[Site "Chess.com INT"]
[Date "2020.08.23"]
[Round "9.2"]
[White "Gledura, Benjamin"]
[Black "Gullaksen, Eirik Tvedt"]
[Result "1-0"]
[WhiteElo "2620"]
[BlackElo "2338"]
[PlyCount "57"]
[EventDate "2020.08.21"]
[EventType "team-tourn (rapid)"]
[EventRounds "9"]
[EventCountry "USA"]
[SourceTitle "CBM 198"]
[Source "ChessBase"]
[SourceDate "2020.10.31"]
[SourceVersion "1"]
[SourceVersionDate "2020.10.31"]
[SourceQuality "1"]
[WhiteTeam "Hungary"]
[BlackTeam "Norway"]
[WhiteTeamCountry "HUN"]
[BlackTeamCountry "NOR"]

1. Nf3 Nf6 2. g3 g6 3. b3 Bg7 4. Bb2 0-0 5. Bg2 d6 6. d4 c5 7. c4 a6 8. 0-0 Nc6 9. Nc3 Bf5 10. dxc5 Ne4 11. Qc1 Nxc5 12. Nd5 Bxb2 13. Qxb2 Be4 14. Nc3 Bf5 15. Rfd1 Rc8 16. Nd4 Bg4 17. Rac1 Bd7 18. Nd5 b5 19. cxb5 Nxd4 20. Rxd4 axb5 21. Qd2 Ne6 22. Rxc8 Bxc8 23. Rb4 Bd7 24. Qh6 Re8 25. Rh4 Nf8 26. Qd2 e6 27. Nc3 Qe7 28. Rd4 Rc8 29. e4 1-0

[Event "Online Olym Div Top-B"]
[Site "Chess.com INT"]
[Date "2020.08.23"]
[Round "7.2"]
[White "Razafindratsima, Timothe"]
[Black "Gullaksen, Eirik Tvedt"]
[Result "1-0"]
[WhiteElo "2336"]
[BlackElo "2338"]
[PlyCount "93"]
[EventDate "2020.08.21"]
[EventType "team-tourn (rapid)"]
[EventRounds "9"]
[EventCountry "USA"]
[SourceTitle "CBM 198"]
[Source "ChessBase"]
[SourceDate "2020.10.31"]
[SourceVersion "1"]
[SourceVersionDate "2020.10.31"]
[SourceQuality "1"]
[WhiteTeam "France"]
[BlackTeam "Norway"]
[WhiteTeamCountry "FRA"]
[BlackTeamCountry "NOR"]

1. e4 c5 2. Nf3 Nc6 3. d4 cxd4 4. Nxd4 e5 5. Nb5 d6 6. c4 Be7 7. N5c3 Be6 8. Nd5 Nf6 9. Nbc3 0-0 10. Bd3 Rc8 11. 0-0 Nd7 12. Be3 a6 13. Qd2 h6 14. g3 Bh3 15. Rfd1 Bg5 16. f4 exf4 17. gxf4 Bh4 18. Qe2 f5 19. exf5 Qe8 20. Qf3 Bxf5 21. Bxf5 Rxf5 22. Qg4 Qh5 23. Qxh5 Rxh5 24. Ne4 Na5 25. Nxd6 Rc6 26. Nb4 Rc7 27. b3 Nf6 28. Bb6 Rd7 29. c5 Nc6 30. Nxc6 bxc6 31. Nc4 Nd5 32. Ne5 Rb7 33. Rxd5 cxd5 34. c6 Rb8 35. c7 Rc8 36. Nc6 Rf5 37. Na7 Rxc7 38. Bxc7 Rf7 39. Rc1 Bf6 40. Nc8 Kh7 41. Be5 Bd8 42. Rd1 Rd7 43. Nd6 d4 44. Kg2 Bb6 45. Kf3 Bc5 46. Ke4 Bxd6 47. Rxd4 1-0

[Event "Online Olym Div2 D"]
[Site "Chess.com INT"]
[Date "2020.08.15"]
[Round "6.2"]
[White "Jessel, Stephen"]
[Black "Gullaksen, Eirik Tvedt"]
[Result "0-1"]
[WhiteElo "2297"]
[BlackElo "2338"]
[PlyCount "190"]
[EventDate "2020.08.14"]
[EventType "team-tourn (rapid)"]
[EventRounds "9"]
[EventCountry "USA"]
[SourceTitle "CBM 198"]
[Source "ChessBase"]
[SourceDate "2020.10.31"]
[SourceVersion "1"]
[SourceVersionDate "2020.10.31"]
[SourceQuality "1"]
[WhiteTeam "Ireland"]
[BlackTeam "Norway"]
[WhiteTeamCountry "IRL"]
[BlackTeamCountry "NOR"]

1. Nf3 Nf6 2. c4 g6 3. b4 Bg7 4. Bb2 c6 5. g3 0-0 6. Bg2 d5 7. cxd5 Nxd5 8. Bxg7 Kxg7 9. Qc2 Qb6 10. a3 a5 11. bxa5 Rxa5 12. 0-0 Qa7 13. d3 Kg8 14. Nfd2 Nd7 15. Nc4 Ra6 16. Nc3 N7f6 17. h3 Be6 18. Rfb1 Rc8 19. Qb2 Nxc3 20. Qxc3 Nd7 21. Qb4 Bxc4 22. Qxc4 Rc7 23. Qb4 Qc5 24. d4 Qxb4 25. axb4 Rb6 26. f4 Nf6 27. Ra5 Rd7 28. e3 Nd5 29. Bxd5 Rxd5 30. Rxd5 cxd5 31. b5 Kf8 32. Kf2 Ke8 33. g4 Kd7 34. Ke2 h5 35. g5 Ke6 36. Rb3 Kf5 37. Kf3 f6 38. h4 fxg5 39. hxg5 Re6 40. Rc3 Rb6 41. Rc5 Ke6 42. Kg3 Rd6 43. Kf3 Rb6 44. e4 dxe4+ 45. Kxe4 h4 46. Re5+ Kf7 47. Kf3 Rd6 48. d5 Rb6 49. Kg4 Rxb5 50. Kxh4 Rb4 51. Kg3 Rd4 52. Kf3 b5 53. Ke3 Rd1 54. Ke2 Rd4 55. Ke3 Rd1 56. Ke2 Rb1 57. Kd3 b4 58. Re6 b3 59. Rb6 b2 60. Kc2 Rf1 61. Kxb2 Rxf4 62. d6 exd6 63. Rxd6 Rf5 64. Kc3 Rxg5 65. Kd4 Rf5 66. Ke4 Rf1 67. Rd3 Kf6 68. Rd5 Kg7 69. Ke3 Kh6 70. Ke2 Rf4 71. Ke3 g5 72. Rd2 Kh5 73. Rh2+ Kg4 74. Rh8 Rf7 75. Rg8 Kh4 76. Rh8+ Kg3 77. Ke2 g4 78. Rg8 Kh3 79. Rh8+ Kg2 80. Ke3 g3 81. Ra8 Kh2 82. Rh8+ Kg1 83. Ke2 g2 84. Ra8 Rf2+ 85. Ke3 Rf1 86. Ke2 Rf5 87. Rh8 Re5+ 88. Kd2 Kf2 89. Rf8+ Kg3 90. Rg8+ Kf3 91. Kd3 Rd5+ 92. Kc4 Rd1 93. Rf8+ Ke4 94. Re8+ Kf5 95. Rf8+ Ke6 0-1

[Event "Prague op"]
[Site "Prague"]
[Date "2020.02.22"]
[Round "9"]
[White "Jakubowski, Krzysztof"]
[Black "Gullaksen, Eirik Tvedt"]
[Result "1-0"]
[WhiteElo "2478"]
[BlackElo "2337"]
[PlyCount "75"]
[EventDate "2020.02.14"]
[EventType "swiss"]
[EventRounds "9"]
[EventCountry "CZE"]
[SourceTitle "CBM 195 Extra"]
[Source "ChessBase"]
[SourceDate "2020.05.31"]
[SourceVersion "1"]
[SourceVersionDate "2020.05.31"]
[SourceQuality "1"]

1. d4 Nf6 2. c4 g6 3. Nc3 Bg7 4. e4 0-0 5. Nge2 d6 6. f3 e5 7. d5 Nh5 8. Be3 f5 9. Qd2 a5 10. 0-0-0 Na6 11. exf5 gxf5 12. Rg1 f4 13. Bf2 Bf5 14. Nb5 Nb4 15. Nec3 Bc2 16. a3 Bxd1 17. Nxd1 Na6 18. Qxa5 Nc5 19. Qxc7 Qxc7 20. Nxc7 Rac8 21. Bxc5 dxc5 22. Ne6 Rfe8 23. Bd3 Bf6 24. Bf5 Be7 25. Nc3 Nf6 26. g3 Kh8 27. Ng5 Nxd5 28. Nf7+ Kg7 29. cxd5 Kxf7 30. Be6+ Kf8 31. gxf4 Bf6 32. Bxc8 Rxc8 33. Ne4 Ke7 34. f5 Rf8 35. Rg3 b6 36. Rh3 Rf7 37. Rh6 Bh8 38. Re6+ 1-0

[Event "Prague op"]
[Site "Prague"]
[Date "2020.02.16"]
[Round "3"]
[White "Saric, Ante"]
[Black "Gullaksen, Eirik Tvedt"]
[Result "1-0"]
[WhiteElo "2531"]
[BlackElo "2337"]
[PlyCount "53"]
[EventDate "2020.02.14"]
[EventType "swiss"]
[EventRounds "9"]
[EventCountry "CZE"]
[SourceTitle "CBM 195 Extra"]
[Source "ChessBase"]
[SourceDate "2020.05.31"]
[SourceVersion "1"]
[SourceVersionDate "2020.05.31"]
[SourceQuality "1"]

1. d4 Nf6 2. c4 g6 3. Nf3 Bg7 4. g3 0-0 5. Bg2 d6 6. 0-0 c6 7. Nc3 Qb6 8. b3 e5 9. Ba3 Rd8 10. Qd2 e4 11. Ng5 d5 12. Bc5 Qa6 13. Be7 Re8 14. Bxf6 Bxf6 15. Qf4 Bxg5 16. Qxg5 Be6 17. cxd5 h6 18. Qxh6 cxd5 19. Rfc1 Nc6 20. Bxe4 dxe4 21. Nxe4 f5 22. Qxg6+ Kf8 23. Qh6+ Kg8 24. Ng5 Nxd4 25. Qg6+ Kf8 26. Nh7+ Ke7 27. Qf6+ 1-0